Ždiar

Zobrazenie: Pohľad na skupinu ľudí pózujúcih v troch radoch za sebou uprostred lúky pred lesom v pozadí s vysokými horami, v ľudových krojoch. Niektorí muži majú v rukách valašky, vľavo dole má muž basu (hudobný nástroj), vpravo od neho majú dvaja muži husle

Bibliographic Details
Format: Postcard
Language:Slovak
PhysicalDescription:1 pohľadnica čiernobiela 9 x 14 cm
Published: [Slovensko?] [vydavateľ neznámy] [medzi 1905 a 1973?]
Subjects:

MARC

LEADER 00000nkm a2200000 a 4500
001 vtls011983773
003 SK-MaSNL
005 20260512130637.0
007 kp bo
008 231120q1905 xo g kuslo
015 |a SNBG 
035 |a urn:nbn:sk:snk-km00ehdv 
035 |a urn:nbn:sk:snk-km43blm 
035 |a C83D229D-A722-489B-865A-B4019F98A6CA 
040 |a SNK  |b slo  |c SNK  |e AACR2 
041 0 |a slo 
043 |a e-xo--- 
044 |a xo  |c SK 
072 7 |a 398  |x Folklór  |2 konspekt 
080 |a 908(437.6)  |2 2011 
080 |a 391  |2 2011 
080 |a (084.121)  |2 2011 
080 |a 785.16.071  |2 2011 
080 |a 398  |2 2011 
080 |a 911.2(23.0)  |2 2011 
080 |a 780.6  |2 2011 
245 0 0 |a Ždiar  |h grafika 
260 |a [Slovensko?]  |b [vydavateľ neznámy]  |c [medzi 1905 a 1973?] 
300 |a 1 pohľadnica  |b čiernobiela  |c 9 x 14 cm 
500 |a Názvové údaje prevzaté z obrazovej časti pohľadnice 
520 8 |a Zobrazenie: Pohľad na skupinu ľudí pózujúcih v troch radoch za sebou uprostred lúky pred lesom v pozadí s vysokými horami, v ľudových krojoch. Niektorí muži majú v rukách valašky, vľavo dole má muž basu (hudobný nástroj), vpravo od neho majú dvaja muži husle 
650 0 7 |a ľudové odevy  |2 SNKPH  |9 85297 
650 0 7 |a hudobné skupiny  |2 SNKPH  |9 3429 
650 0 7 |a folklór  |2 SNKPH  |9 19213 
650 0 7 |a hory  |2 SNKPH  |9 55651 
650 0 7 |a hudobné nástroje  |2 SNKPH  |9 3930 
651 7 |a Ždiar (Slovensko)  |2 SNKPHgeo  |9 54540 
655 7 |a geografické pohľadnice  |2 SNKPH  |9 70522 
655 7 |a žánrové pohľadnice  |2 SNKPH  |9 70524 
852 |a Slovenská národná knižnica 
954 |a pohľadnice pôvodné (slovenské)  |2 lita 
958 |a GC 
958 |a GBN 
958 |a OND 
958 |a EUIPO 
999 |c 1210134  |d 1212064 
952 |a SNK  |b SNK  |y PREZ  |7 0  |p 17A1380569  |o snkSP 95657  |0 0  |1 0  |4 0  |d 2020-07-24  |f 1  |l 0  |r 2026-02-24 23:10:21  |w 2026-02-24